Thói quen làm nên sáng tạo Khám phá tiềm năng của bản thân từ những thói quen hằng ngày

Cung cấp những nguyên tắc hiểu rõ bản chất của marketing Thông qua những câu chuyện làm nghề, quan điểm triết học sâu sắc và hiểu biết rút ra từ cuộc sống hằng ngày, tác giả đã chứng minh được rằng sáng tạo không phải là năng lực do Chu...

詳細記述

保存先:
書誌詳細
第一著者: Tharp, Twyla
その他の著者: Nguyễn Kim Ngọc (Dịch)
フォーマット: 図書
言語:Vietnamese
出版事項: H. Thế giới ; Công ty Sách Alpha 2018
主題:
タグ: タグ追加
タグなし, このレコードへの初めてのタグを付けませんか!
Thư viện lưu trữ: Thư viện Trường Đại học Nam Cần Thơ
LEADER 02122nam a22002537a 4500
001 NCT_4_015903
008 250116b xxu||||| |||| 00| 0 vie d
999 |c 8757  |d 8757 
020 |a 9786047750078  |c 129000 
082 0 4 |2 23rd ed.  |a 153.35  |b Th772 
100 1 |a Tharp, Twyla 
245 1 0 |a Thói quen làm nên sáng tạo  |b Khám phá tiềm năng của bản thân từ những thói quen hằng ngày  |c Twyla Tharp ; Nguyễn Kim Ngọc dịch 
260 |a H.  |b Thế giới ; Công ty Sách Alpha  |c 2018 
300 |a 343 tr.  |b Minh họa  |c 21 cm 
520 3 |a Cung cấp những nguyên tắc hiểu rõ bản chất của marketing Thông qua những câu chuyện làm nghề, quan điểm triết học sâu sắc và hiểu biết rút ra từ cuộc sống hằng ngày, tác giả đã chứng minh được rằng sáng tạo không phải là năng lực do Chúa trời ban tặng mà nó là cốt tủy được hình thành từ sự kỷ luật, gian khổ rèn luyện để hình thành những thói quen làm nên sáng tạo 
653 |a Truyền thông đa phương tiện 
700 1 |a Nguyễn Kim Ngọc  |e Dịch 
942 |2 ddc  |c BK 
952 |0 0  |1 0  |2 ddc  |4 0  |6 153_350000000000000_TH772  |7 0  |9 30075  |a 000001  |b 000001  |d 2025-01-16  |o 153.35 Th772  |p MD.23414  |r 2025-01-16  |v 129000.00  |w 2025-01-16  |y BK 
952 |0 0  |1 0  |2 ddc  |4 0  |6 153_350000000000000_TH772  |7 0  |9 30076  |a 000001  |b 000001  |d 2025-01-16  |o 153.35 Th772  |p MD.23415  |r 2025-01-16  |v 129000.00  |w 2025-01-16  |y BK 
952 |0 0  |1 0  |2 ddc  |4 0  |6 153_350000000000000_TH772  |7 0  |9 30077  |a 000001  |b 000001  |d 2025-01-16  |o 153.35 Th772  |p MD.23416  |r 2025-01-16  |v 129000.00  |w 2025-01-16  |y BK 
952 |0 0  |1 0  |2 ddc  |4 0  |6 153_350000000000000_TH772  |7 0  |9 30078  |a 000001  |b 000001  |d 2025-01-16  |o 153.35 Th772  |p MD.23417  |r 2025-01-16  |v 129000.00  |w 2025-01-16  |y BK 
952 |0 0  |1 0  |2 ddc  |4 0  |6 153_350000000000000_TH772  |7 0  |9 30079  |a 000001  |b 000001  |d 2025-01-16  |o 153.35 Th772  |p MD.23418  |r 2025-01-16  |v 129000.00  |w 2025-01-16  |y BK 
980 |a Thư viện Trường Đại học Nam Cần Thơ